[Event "Mumbai Wealth op 3rd"]
[Site "Mumbai"]
[Date "2018.01.04"]
[Round "6"]
[White "Adarsh, Tripathi"]
[Black "Chittal, Sairaj"]
[Result "0-1"]
[WhiteElo "1763"]
[BlackElo "2015"]
[PlyCount "72"]
[EventDate "2017.12.30"]
[EventType "swiss"]
[EventRounds "9"]
[EventCountry "IND"]
[SourceTitle "CBM 182 Extra"]
[Source "ChessBase"]
[SourceDate "2018.02.23"]
[SourceVersion "1"]
[SourceVersionDate "2018.02.23"]
[SourceQuality "1"]

1. e4 c6 2. d4 d5 3. Nc3 g6 4. exd5 cxd5 5. Bf4 Bg7 6. Nf3 Nf6 7. Bd3 Bg4 8. h3 Bxf3 9. Qxf3 0-0 10. 0-0 Nc6 11. Ne2 Nh5 12. c3 Nxf4 13. Nxf4 e6 14. Bb5 Ne7 15. Nd3 Qa5 16. Bd7 Nf5 17. Nc5 Qc7 18. Ba4 Rac8 19. Nd3 Nd6 20. Qf4 Rfd8 21. Bb3 a5 22. Rfe1 Qb6 23. Nc5 Qc6 24. Nd3 a4 25. Bd1 a3 26. Rc1 Qb5 27. Be2 axb2 28. Rb1 Rxc3 29. Qh4 Qa5 30. Nc5 Re8 31. a4 Nf5 32. Qf4 Nxd4 33. Nxb7 Qb4 34. Qd2 Nxe2+ 35. Qxe2 Qxb7 36. Rxb2 Rb3 0-1

[Event "Mumbai Wealth op 3rd"]
[Site "Mumbai"]
[Date "2017.12.30"]
[Round "1"]
[White "Kulkarni, Vikramaditya"]
[Black "Chittal, Sairaj"]
[Result "1-0"]
[WhiteElo "2325"]
[BlackElo "2015"]
[PlyCount "69"]
[EventDate "2017.12.30"]
[EventType "swiss"]
[EventRounds "9"]
[EventCountry "IND"]
[SourceTitle "CBM 182 Extra"]
[Source "ChessBase"]
[SourceDate "2018.02.23"]
[SourceVersion "1"]
[SourceVersionDate "2018.02.23"]
[SourceQuality "1"]

1. Nf3 c5 2. c4 Nc6 3. Nc3 g6 4. h4 h5 5. e3 Nf6 6. d4 cxd4 7. exd4 d5 8. Bg5 Ne4 9. cxd5 Nxc3 10. bxc3 Qxd5 11. Qb3 Qe4+ 12. Be3 Bh6 13. Bc4 Bxe3 14. Bxf7+ Kf8 15. Bd5 Qf4 16. 0-0 Bxd4 17. cxd4 Nxd4 18. Nxd4 Qxd4 19. Rad1 Qf6 20. Rfe1 Kg7 21. Qb4 Re8 22. Rc1 a5 23. Qa4 Bf5 24. Bxb7 Rad8 25. Rc7 Qd6 26. Qc6 Rd7 27. Qc3+ Qf6 28. Qxa5 Qxh4 29. Bc6 Rxc7 30. Qxc7 Qb4 31. Qe5+ Kf7 32. Bxe8+ Kxe8 33. Qe3 h4 34. a3 Qa5 35. Qxe7# 1-0

[Event "Mumbai Mayors Cup 1st"]
[Site "Mumbai"]
[Date "2008.05.17"]
[Round "9"]
[White "Chittal, Sairaj"]
[Black "Vishal, Sharma"]
[Result "1/2-1/2"]
[WhiteElo "1865"]
[BlackElo "1875"]
[PlyCount "45"]
[EventDate "2008.05.11"]
[EventType "swiss"]
[EventRounds "11"]
[EventCountry "IND"]
[SourceTitle "CBM 124 Extra"]
[Source "ChessBase"]
[SourceDate "2008.07.03"]
[SourceVersion "1"]
[SourceVersionDate "2008.07.03"]
[SourceQuality "1"]

1. d4 d5 2. Nf3 Nf6 3. Bg5 e6 4. Nbd2 Be7 5. e3 Nbd7 6. Bd3 0-0 7. 0-0 c6 8. c3 h6 9. Bh4 Re8 10. Re1 Qc7 11. Bg3 Bd6 12. e4 Bxg3 13. hxg3 dxe4 14. Nxe4 Nxe4 15. Bxe4 Nf6 16. Bd3 b6 17. Qe2 Bb7 18. Rad1 c5 19. dxc5 Qxc5 20. Qe5 Red8 21. Qxc5 bxc5 22. Ne5 Kf8 23. Be2 1/2-1/2

[Event "Mumbai Mayors Cup 1st"]
[Site "Mumbai"]
[Date "2008.05.15"]
[Round "6"]
[White "Chittal, Sairaj"]
[Black "Anuprita, Patil"]
[Result "1/2-1/2"]
[WhiteElo "1865"]
[BlackElo "2062"]
[PlyCount "85"]
[EventDate "2008.05.11"]
[EventType "swiss"]
[EventRounds "11"]
[EventCountry "IND"]
[SourceTitle "CBM 124 Extra"]
[Source "ChessBase"]
[SourceDate "2008.07.03"]
[SourceVersion "1"]
[SourceVersionDate "2008.07.03"]
[SourceQuality "1"]

1. d4 d5 2. Nf3 Nf6 3. Bg5 Ne4 4. Bf4 c5 5. e3 Qb6 6. Nc3 Qa5 7. Bxb8 Nxc3 8. Qd2 Rxb8 9. Qxc3 Qxc3+ 10. bxc3 c4 11. Rb1 Bf5 12. Kd2 h6 13. Be2 e6 14. Rb5 Bd6 15. Rhb1 b6 16. a4 Ke7 17. Ne5 Rhc8 18. f4 f6 19. Nf3 g5 20. g3 Bg6 21. R5b2 Be8 22. Ra2 a6 23. Rab2 Bxa4 24. Rxb6 Bb5 25. Rxb8 Rxb8 26. Ng1 Be8 27. Rxb8 Bxb8 28. Kc1 Bg6 29. Nf3 Bd6 30. Kb2 Bh5 31. h3 Bg6 32. Bd1 Be4 33. Be2 Bf5 34. Bf1 Kf7 35. Nd2 Bg6 36. Bg2 gxf4 37. exf4 h5 38. h4 Bf5 39. Nf1 Bg4 40. Ne3 f5 41. Ka2 Kf6 42. Kb2 Ke7 43. Nf1 1/2-1/2